Youngest U.S. Governors Quiz - Statistics

General Stats
  • This quiz has been taken 45 times
    5 since last reset
  • The average score is 4 of 10
Answer Stats
Age Birthday Governor % Correct
46 August 7, 1979 D Abigail Spanberger
75%
47 September 14,1978 R Ron DeSantis
75%
43 August 13,1982 R Sarah Huckabee Sanders
75%
50 May 12,1975 D Jared Polis
50%
52 June 20, 1973 D Josh Shapiro
50%
47 October 15,1978 D Wes Moore
50%
48 November 29,1977 D Andy Beshear
25%
51 June 5,1974 R Tate Reeves
25%
49 October 6, 1976 R Kelly Armstrong
0%
50 July 11,1975 R Spencer Cox
0%
No matching quizzes found
Score Distribution
Percent of People with Each Score
Percentile by Number Answered
Your Score History
You have not taken this quiz since the last reset